000 00670nam a22002177a 4500
001 6202
003 FISKH
005 20250327155207.0
008 250327b cb ||||| |||| 00| 0 eng d
040 _aFISKH
_beng
_cFISKH
_dFISKH
050 _aPZ10.S38 B
082 _a823.8
100 _aSewell, Anna
245 _aBlack beauty /
_cSewell, Anna
260 _aBarcelona :
_bThe children's Golden Library,
_c1877.
300 _a222 pages :
_b22 cm
520 _aA horse in nineteenth-century England recounts his experiences with both good and bad masters.
650 _aChildren's Classics
_vAnimal Stories
_x19th century
942 _2ddc
_cBK
_n0
999 _c6202
_d6202